La casa otra : (Registro nro. 6967)

Detalles MARC
000 -LEADER
fixed length control field 01291cam a2200277 a 4500
003 - CONTROL NUMBER IDENTIFIER
control field OSt
005 - DATE AND TIME OF LATEST TRANSACTION
control field 20201026105317.0
008 - FIXED-LENGTH DATA ELEMENTS--GENERAL INFORMATION
fixed length control field 940915t00001978sp aco 0 spa d
020 ## - INTERNATIONAL STANDARD BOOK NUMBER
International Standard Book Number 8425207363
040 ## - CATALOGING SOURCE
Original cataloging agency CO-BoPUJ
Transcribing agency CO-JMCR
041 0# - LANGUAGE CODE
Language code of text/sound track or separate title spa
082 04 - DEWEY DECIMAL CLASSIFICATION NUMBER
Classification number 728.3 /
Item number A425c
Edition number 23
100 1# - MAIN ENTRY--PERSONAL NAME
Personal name Allen, Edward,
Relator term autor
9 (RLIN) 11938
245 03 - TITLE STATEMENT
Title La casa otra :
Remainder of title la autoconstrucción segun el M.I.T. /
Statement of responsibility, etc. Edward Allen
260 ## - PUBLICATION, DISTRIBUTION, ETC.
Place of publication, distribution, etc. Barcelona :
Name of publisher, distributor, etc. Gustavo Gili,
Date of publication, distribution, etc. 1978.
300 ## - PHYSICAL DESCRIPTION
Extent 317 páginas :
Other physical details ilustraciones, fotografías y planos a blanco y negro ;
Dimensions 20 cm.
440 #0 - SERIES STATEMENT/ADDED ENTRY--TITLE
Title Colección Tecnología y Arquitectura
9 (RLIN) 11939
490 ## - SERIES STATEMENT
Series statement Construcción alternativa ;
-- Tecnología y arquitectura
500 ## - GENERAL NOTE
General note Hacia una teoría de las viviendas con capacidad de respuesta -- La implicación de la gente en la construcción de sus propias viviendas -- Viviendas con capacidad de respuesta en altas densidades -- Una máquina mágica para construir viviendas
650 24 - SUBJECT ADDED ENTRY--TOPICAL TERM
Topical term or geographic name entry element Viviendas
General subdivision Diseño y construcción
9 (RLIN) 11940
650 24 - SUBJECT ADDED ENTRY--TOPICAL TERM
Topical term or geographic name entry element Materiales de construcción
9 (RLIN) 5783
650 24 - SUBJECT ADDED ENTRY--TOPICAL TERM
Topical term or geographic name entry element Arquitectura doméstica
General subdivision Diseño y construcción
9 (RLIN) 11941
650 24 - SUBJECT ADDED ENTRY--TOPICAL TERM
Topical term or geographic name entry element Autoconstrucción
General subdivision Diseño y construcción
9 (RLIN) 11942
650 24 - SUBJECT ADDED ENTRY--TOPICAL TERM
Topical term or geographic name entry element Graficos por computador en la construcción
9 (RLIN) 11943
942 ## - ADDED ENTRY ELEMENTS (KOHA)
Source of classification or shelving scheme Dewey Decimal Classification
Koha item type Books
Existencias
Withdrawn status Lost status Source of classification or shelving scheme Damaged status Not for loan Home library Current library Shelving location Date acquired Source of acquisition Total Checkouts Full call number Barcode Date last seen Date last checked out Copy number Price effective from Koha item type
    Dewey Decimal Classification     Biblioteca Pública José María del Castillo y Rada Biblioteca Pública José María del Castillo y Rada General Stacks 10/02/2020 Donación 1 728.3 / A425c 201810009 05/16/2024 06/13/2023 Ej.1 10/02/2020 Books